02031nam a2200313 a 4500003000900000005001700009007000300026008004100029040002500070082001400095110009300109245015900202260003700361300003600398505065300434590002701087650008901114650008101203651008301284700003301367700003601400700005001436700003501486700003301521910001101554942001301565952012201578999001701700DO-SdBNP20220802094942.0ta220726e2012 dr ao||frt||| 001 0 spa d aDO-SdBNPbspacBNPHU 4222bM533f2 952996aGabinete Social (República Dominicana)bSistema Único de Beneficiarios SIUBEN10aMemoria fotográfica del 2do. estudio socioeconómico de hogares pobres 2001-2012. /cEditor, Rosa Borg Gil; Fotografía, Nehemías Alvino...[et. al.] a[Santo Domingo] :bSIUBEN,c2012 a39 p. :bil., fotrgr. ;c25 cm. t1. Transparencia en la Selección de las Organizaciones de la Sociedad civil.--t2. Preparación Técnica para la Incorporación de la Tecnología con Dispositivo Móvil.--t3. Estrategia de Comunicación y Campaña de Sensibilización.--t4. Reclutamiento, Selección y Capacitación de los Entrevistadores y Técnico.--t5. Preparación Logística.--t6. Recolección de Información en los Hogares.--t7. Visitas de Organismos Internacionales.--t8. Centros de Revisión para Seguimiento y Control de la Calidad.--t9. Procesamiento y Análisis de la Información.--t10. Seguimiento y Evaluación al Desempeño del Estudio. aInventariado 2022 / MF 4982132aSistema Único de BeneficiariosxMemorias e informeszRepública Dominicana 4aInstituciones públicasxMemorias e informeszRepública Dominicana982134 4aRepública DominicanavAdministración PúblicaxMemorias E Informes9821351 a Borg Gil, Rosa eed.9820901 aAlvino, Nehemíasefot.9820911 aEspiritusanto, José Enríquezefot.9820921 952083aÁlvarez, Carlosefot.1 943350aPérez, Raúlefot. aMFeliz 2ddccLF2 00102ddc51708PDaBNPHUbBNPHUcCTd2018-07-26eDonado por CERTVl0oM533fp2022-3561r2022-07-26w2022-07-26yLF2 c52230d52230